000 nam a22 a 4500
999 _c4034
_d4034
005 20170524162526.0
008 170524b1989 enk||||| |||| 00| 0 eng d
020 _a009173973X (pbk) :
_c£7.95
020 _a0091740738
040 _aAKMAL
082 0 4 _a808.51 JAN
090 _a808.51
_bJAN
100 1 _aJanner, Greville.
_9683
245 1 0 _aJanner's complete speechmaker
_cGreville Janner.
250 _a3rd ed., including compendium of draft speeches and retellable tales.
260 _aLondon :
_bBusiness Books,
_c1989.
300 _axiii,295p. :
_b ill. ;
_c22cm
500 _aPrevious ed.: 1984.
500 _aIncludes index.
650 0 _aPublic speaking.
_9488
852 4 1 _aBritish Library
_bHMNTS
942 _2ddc
_cBOOK